000 00471nam a2200157Ia 4500
008 210210b1996 xxu||||| |||| 00| 0 eng d
020 _a81 250 0931 0
082 _a820.109 NARS
100 _aNARAVANE (Vishwanath S).
245 _aSarojini Naidu an introduction to her life, work and poetry.
260 _aHyderabad.
_bOrient Longman Ltd.,
_c1996
300 _a160
650 _aSarojini Naidu Indian Poetess
690 _aIndian English Criticism
906 _a057613
999 _c105313
_d105313